Perintah-perintah am dan arahan pentadbiran : (Hingga 15hb OKtober 2009).
| Format: | Book |
|---|---|
| Published: |
Petaling Jaya:
International Law Book Service,
2009.
|
| Subjects: |
| LEADER | 00530cam a2200157 7i4500 | ||
|---|---|---|---|
| 001 | 0000024192 | ||
| 005 | 20100211090000.0 | ||
| 020 | 0 | 0 | |a 978-967-89-2040-7 |
| 090 | 0 | 0 | |a M 352.63 |b PER |
| 245 | 0 | 0 | |a Perintah-perintah am dan arahan pentadbiran : |b (Hingga 15hb OKtober 2009). |
| 260 | 0 | 0 | |a Petaling Jaya: |b International Law Book Service, |c 2009. |
| 300 | # | # | |a 1060 p. |
| 650 | 0 | 0 | |a Civil service -- |z Malaysia |
| 650 | 0 | 0 | |a Official and employees -- |z Malaysia |
| 651 | 0 | 0 | |a Malaysia |
| 999 | |a B000026145 |b Book |c Malaysia |e Business Information Centre | ||


